Every Premier Divisions in UEFA - Statistics

General Stats
  • This quiz has been taken 75 times
    47 since last reset
  • The average score is 11 of 54
Answer Stats
Member of UEFA Premier Division % Correct
Germany Bundesliga
95%
England Premier League
95%
Spain LaLiga Santander
93%
France Ligue 1
90%
Italy Serie A
90%
Netherlands Eredivisie
66%
Türkiye Süper Lig
44%
Romania Liga I
39%
Austria Austrian Bundesliga
37%
Poland Ekstraklasa
37%
Belgium Belgian Pro League
29%
Portugal Liga Portugal
29%
Kosovo Superleague of Kosovo
27%
Denmark Superligaen
27%
Scotland Scottish Premiership
24%
Sweden Allsvenskan
22%
Finland Veikkausliiga
20%
Norway Eliteserien
17%
Andorra Lliga Multisegur Assegurances
17%
Russia Russian Premier League
15%
Croatia HNL
12%
Estonia Meistriliiga
12%
Greece Super League 1 Stoiximan
12%
Ukraine Ukrainian Premier League
12%
Israel Ligat Ha'al
10%
Bosnia and Herzegovina Premijer Liga
10%
Albania Abissnet Superiore
7%
Armenia Armenian Premier League
7%
Wales Cymru Premier
7%
Bulgaria efbet League
7%
Czech Republic Fortuna liga
7%
Kazakhstan Kazakhstan Premier League
7%
Hungary Nemzeti Bajnokság I
7%
Azerbaijan Premyer Liqa
7%
North Macedonia Prva Liga
7%
Republic of Ireland SSE Airtricity League Premier Division
7%
Lithuania A Lyga
5%
Iceland Besta deild karla
5%
Faroe Islands Betri deildin menn
5%
Malta BOV Premier League
5%
Georgia Crystalbet Erovnuli Liga
5%
Cyprus Cyta Championship
5%
Northern Ireland Danske Bank Premiership
5%
Slovakia Fortuna Liga
5%
Luxembourg Luxembourg National Division
5%
Moldova Moldovan Super Liga
5%
Liechtenstein Swiss Super League
5%
Switzerland Swiss Super League
5%
Latvia Virslīga
5%
Belarus Vyšejšaja Liha
5%
San Marino Campionato Sammarinese di Calcio
2%
Gibraltar Gibraltar National League
2%
Montenegro Montenegro First League
2%
Serbia Mozzart Bet Super League
2%
No matching quizzes found
Score Distribution
Percent of People with Each Score
Percentile by Number Answered
Your Score History
You have not taken this quiz since the last reset